| 000 | 01068nam a2200253Ia 4500 | ||
|---|---|---|---|
| 999 |
_c35308 _d35308 |
||
| 001 | 1159 | ||
| 003 | GE_BSU | ||
| 005 | 20251118200635.0 | ||
| 008 | 181216s1988||||ge |||||||||||||| ||geo|| | ||
| 020 | _a5505005454 | ||
| 040 | _cGE_BSU | ||
| 041 | _ageo | ||
| 080 | _a631.6(075.8) მ–178 | ||
| 100 |
_aმაისურაძე, ო. _926264 |
||
| 245 |
_aსამელიორაციო და სამშენებლო მანქანები: _b[სახელმძღვ. სას.-სამ. ინ-ტის სტუდ.] / _c ოთარ მაისურაძე. |
||
| 264 |
_aთბილისი : _bგანათლება, _c1988. |
||
| 300 |
_a454 გვ.: _b ილ. ; _c 22 სმ. |
||
| 504 | _aბიბლიოგრ.: გვ. 429-430. | ||
| 541 | _h15 ლ. | ||
| 653 | _aსამელიორაციო მანქანები | ||
| 653 | _aსამშენებლო მანქანები | ||
| 700 |
_aმგელაძე, ნ. _eრედაქტორი _923803 |
||
| 942 |
_cBK _2udc |
||